[Event "Wch U12 rapid"]
[Site "Batumi"]
[Date "2023.06.07"]
[Round "6"]
[White "Temirbekov, Taimaz"]
[Black "Chankseliani, Davit"]
[Result "1-0"]
[WhiteElo "1968"]
[BlackElo "1427"]
[PlyCount "80"]
[EventDate "2023.06.06"]
[EventType "swiss (rapid)"]
[EventRounds "11"]
[EventCountry "GEO"]
[SourceTitle "EXT 2024"]
[Source "ChessBase"]
[SourceDate "2023.10.10"]
[SourceVersion "1"]
[SourceVersionDate "2023.10.10"]
[SourceQuality "1"]
[WhiteTeam "FIDE"]
[BlackTeam "Georgia"]
[BlackTeamCountry "GEO"]

1. e4 c5 2. Nf3 Nc6 3. d4 cxd4 4. Nxd4 Nf6 5. Nc3 e5 6. Ndb5 d6 7. Bg5 a6 8. Na3 b5 9. Nd5 Be7 10. Bxf6 Bxf6 11. c4 0-0 12. cxb5 axb5 13. Nxb5 Bg5 14. Bc4 Qa5+ 15. Nbc3 Qc5 16. Bd3 Nb4 17. Nxb4 Qxb4 18. Qe2 f5 19. a3 Qc5 20. 0-0 f4 21. Qf3 Be6 22. Rfc1 Qb6 23. Bb5 Kh8 24. a4 Bh4 25. Rc2 Qd8 26. Rd2 Qg5 27. Be2 Rad8 28. a5 g6 29. a6 h5 30. h3 d5 31. Nxd5 Bxd5 32. Rxd5 Rxd5 33. exd5 Re8 34. a7 Ra8 35. d6 Qd8 36. Qxa8 Qxa8 37. Bf3 e4 38. Bxe4 Qxe4 39. a8Q+ Qxa8 40. Rxa8+ Kg7 1-0

[Event "EU-ch Hybrid U10"]
[Site "Tornelo INT"]
[Date "2021.10.15"]
[Round "6"]
[White "Chankseliani, Davit"]
[Black "Tsolov, Aleksandar"]
[Result "1/2-1/2"]
[WhiteElo "1276"]
[BlackElo "1441"]
[PlyCount "79"]
[EventDate "2021.10.15"]
[EventType "swiss"]
[EventRounds "9"]
[EventCountry "NET"]
[SourceTitle "EXT 2023"]
[Source "ChessBase"]
[SourceDate "2022.10.05"]
[SourceVersion "1"]
[SourceVersionDate "2022.10.05"]
[SourceQuality "1"]
[WhiteTeam "Georgia"]
[BlackTeam "Bulgaria"]
[WhiteTeamCountry "GEO"]
[BlackTeamCountry "BUL"]

1. c4 c6 2. d4 d5 3. cxd5 cxd5 4. Nc3 Nf6 5. Nf3 Nc6 6. Bf4 a6 7. e3 e6 8. a3 Bd6 9. Bg5 h6 10. Bh4 Be7 11. Bd3 Nd7 12. Bg3 f5 13. Nd2 Nf6 14. Nf3 0-0 15. 0-0 Bd7 16. Nd2 Be8 17. f4 Bh5 18. Be2 Bxe2 19. Qxe2 Ne4 20. Ncxe4 fxe4 21. Qg4 Qd7 22. Rac1 Rac8 23. Nb3 Na7 24. Qe2 Rxc1 25. Rxc1 Rc8 26. Qd2 Rc6 27. Be1 Nc8 28. Rxc6 Qxc6 29. Qc3 Qxc3 30. Bxc3 b6 31. Kf2 g5 32. g3 Nd6 33. Bb4 gxf4 34. gxf4 Nf5 35. Bxe7 Nxe7 36. Nd2 Nc6 37. b3 a5 38. Ke2 b5 39. Kf2 b4 40. a4 1/2-1/2

[Event "EU-ch Hybrid U10"]
[Site "Tornelo INT"]
[Date "2021.10.15"]
[Round "3"]
[White "Murawski, Jan"]
[Black "Chankseliani, Davit"]
[Result "1-0"]
[WhiteElo "1130"]
[BlackElo "1276"]
[PlyCount "127"]
[EventDate "2021.10.15"]
[EventType "swiss"]
[EventRounds "9"]
[EventCountry "NET"]
[SourceTitle "EXT 2023"]
[Source "ChessBase"]
[SourceDate "2022.10.05"]
[SourceVersion "1"]
[SourceVersionDate "2022.10.05"]
[SourceQuality "1"]
[WhiteTeam "England"]
[BlackTeam "Georgia"]
[WhiteTeamCountry "ENG"]
[BlackTeamCountry "GEO"]

1. d4 d5 2. Nf3 Nf6 3. Bf4 e6 4. e3 Nbd7 5. c4 c5 6. Nc3 a6 7. cxd5 exd5 8. dxc5 Nxc5 9. Nd4 Nce4 10. Bd3 Nxc3 11. bxc3 Be7 12. Qb3 0-0 13. 0-0 Bd6 14. Bxd6 Qxd6 15. Rfd1 Ng4 16. Nf3 Be6 17. h3 Nf6 18. Qb4 Qxb4 19. cxb4 Rac8 20. Rac1 Rxc1 21. Rxc1 Rc8 22. Rxc8+ Bxc8 23. Nd4 g6 24. f3 Kf8 25. Kf2 Ke7 26. g4 Ne8 27. Ke2 Nd6 28. Kd2 Bd7 29. Nb3 Bc8 30. Nc5 Bd7 31. Kc3 Be6 32. Kd4 Kd8 33. a3 Ke7 34. Na4 Kd7 35. Nc3 Kc6 36. a4 b5 37. axb5+ axb5 38. e4 dxe4 39. Bxe4+ Kb6 40. Bd3 f6 41. Ne4 Nxe4 42. Bxe4 Bf7 43. Bd5 Be8 44. f4 Bd7 45. Bf3 Be6 46. h4 h6 47. g5 hxg5 48. hxg5 Kc7 49. Kc5 fxg5 50. fxg5 Bf5 51. Be2 Kd7 52. Kd5 Ke7 53. Bxb5 Kf7 54. Ke5 Be6 55. Bc6 Ke7 56. b5 Ba2 57. b6 Kd8 58. Kd6 Kc8 59. Be4 Bg8 60. Bxg6 Kb7 61. Kc5 Kb8 62. Be8 Bh7 63. g6 Bg8 64. Bf7 1-0